Housebuilders call for architects' advice (Record no. 71411)

MARC details
000 -LEADER
fixed length control field 00965cam a2200217 4500
001 - CONTROL NUMBER
control field WB3839-02
008 - FIXED-LENGTH DATA ELEMENTS--GENERAL INFORMATION
fixed length control field 021022n2002 000 0 eng u
035 ## - SYSTEM CONTROL NUMBER
System control number (Sirsi) u120213
245 ## - TITLE STATEMENT
Title Housebuilders call for architects' advice
260 ## - PUBLICATION, DISTRIBUTION, ETC.
Date of publication, distribution, etc. 2002
490 ## - SERIES STATEMENT
Series statement Building Design
Volume/sequential designation (1552) 18 October 2002, 5(1)
520 ## - SUMMARY, ETC.
Summary, etc. Up to 72 of Britain's house building companies will invite architects to tell them how to redesign their off-the-peg homes. This is after the House Builders Federation invited pressure group Design for Homes to make its database of architects available to the federation's members. Design for Homes believes that the scheme's advantages include commissions for the architects and better designed housing.
590 ## - LOCAL NOTE (RLIN)
Local note WB
650 ## - SUBJECT ADDED ENTRY--TOPICAL TERM
Topical term or geographic name entry element HOUSE BUILDERS
650 ## - SUBJECT ADDED ENTRY--TOPICAL TERM
Topical term or geographic name entry element HOUSE BUILDERS FEDERATION
650 ## - SUBJECT ADDED ENTRY--TOPICAL TERM
Topical term or geographic name entry element HOUSE DESIGN
650 ## - SUBJECT ADDED ENTRY--TOPICAL TERM
Topical term or geographic name entry element ARCHITECTS
650 ## - SUBJECT ADDED ENTRY--TOPICAL TERM
Topical term or geographic name entry element PPG3
690 ## - LOCAL SUBJECT ADDED ENTRY--TOPICAL TERM (OCLC, RLIN)
Topical term or geographic name as entry element BUILT ENVIRONMENT-CONSTRUCTION DESIGN
942 ## - ADDED ENTRY ELEMENTS (KOHA)
Suppress in OPAC 0
Holdings
Withdrawn status Lost status Source of classification or shelving scheme Damaged status Not for loan Home library Current library Shelving location Date acquired Total Checkouts Full call number Barcode Date last seen Copy number Price effective from Koha item type
    Dewey Decimal Classification     London London News article 22/10/2002   WB3839-02 120213-1001 06/08/2019 1 06/08/2019 News article